000 00165nam a22000857a 4500
082 _a823
100 _aSAM D S
245 _aFOLK TALES FROM AROUND THE WORLD
942 _cBK
999 _c8209
_d8209